| 000 | 00656cas a22002055a 4500 | ||
|---|---|---|---|
| 001 | L138073 | ||
| 008 | 070515c19931993xxkqr p 0 a0eng u | ||
| 035 | _a(Sirsi) u138073 | ||
| 041 | 0 | _aeng | |
| 110 | 2 |
_aRoyal Institution of Chartered Surveyors _bLeicestershire and Northamptonshire Branch _95193 |
|
| 245 | 0 | 0 | _aSurveying in Leicestershire and Northamptonshire |
| 260 |
_aS.l. _bRICS _c[198?]-1993 |
||
| 362 | 0 | _a(8) Winter 1989-(23) Autumn 1993 | |
| 554 | _aQuarterly | ||
| 651 | 4 | _aNORTHAMPTONSHIRE | |
| 651 | 4 | _aLEICESTERSHIRE | |
| 690 | _aMANAGEMENT-BUSINESS MANAGEMENT-PROFESSIONAL PRACTICE | ||
| 785 | 0 | 0 | _tSurveying Quarterly |
| 942 | _n0 | ||
| 999 |
_c118944 _d118944 |
||